01245nab a22002537a 4500003000400000005001700004008004100021040000700062100002700069245014800096260007300244300001500317500007500332505017700407505008900584650002900673650002300702650003200725650002300757650002300780650002300803650002900826773013600855OSt20260131200212.0190603e xxum|||| |||| 00| 0 spa d cPJ aMizrahi, Mauricio Luis10aGuía de buenas prácticas para el funcionamiento de los tribunales de familia cuando están involucrados niños /cMauricio Luis Mizrahi.  cCiudad Autónoma de Buenos Aires :aThomson Reuters La Ley, b2025. ap. 133-140 aCita: TR LALEY AR/DOC/2872/2025 Publicado en: RCCyC 2025 (Diciembre). aSumario: I. Introducción.— II. Guía de Buenas Prácticas para el funcionamiento de los juzgados de familia donde están involucrados niños.— III. Conclusión.  t¿Te interesa el texto completo? Solicitalo al correo: koha@justierradelfuego.gov.ar 0aCODIGO CIVIL Y COMERCIAL 0aDERECHO DE FAMILIA 0aINTERES SUPERIOR DEL NIÑO 0aJUZGADO DE FAMILIA 0aVIOLENCIA FAMILIAR 0aMEDIDAS CAUTELARES 0aTUTELA JUDICIAL EFECTIVA0 02713dCiudad Autónoma de Buenos Aires : Thomson Reuters La Ley, 2015-tRevista Código Civil y Comercial. Nº 6 - Diciembre 2025